00359nam a2200145Ia 4500008004100000020001500041041000800056082001500064100001500079245002600094250000700120260005300127300001300180650002000193210716s2003 xx 000 0 und d a8125911189 aeng a339.3 VAIM aVaish, M C aMacroeconomic theory. a12 aNew DelhibVikas Publishing House Pvt Ltdc2003 axiii,766 aMacro Economics